<?xml version="1.0" encoding="UTF-8"?>
<collection xmlns="http://www.loc.gov/MARC21/slim">
  <record>
    <leader>00000nam  2200000   4500</leader>
    <controlfield tag="001">INLIS000000000014208</controlfield>
    <controlfield tag="008">###################################ind##</controlfield>
    <datafield tag="035" ind1="#" ind2="#">
      <subfield code="a">0010-0922000970</subfield>
    </datafield>
    <datafield tag="245" ind1="#" ind2="#">
      <subfield code="a">Spirit Mr.Ciamis (Strategi Pengamanan Fiskal Daerah Dengan Pemanfaatan Informasi Dan Teknologi Dalam Mitigasi Resiko Adanya Refocusing Dan Rasionalisasi APBD Untuk Menjaga Pertumbuhan Ekonomi Dan Mempertahankan Tingkat Kesejahteraan Masyarakat Tatar Galuh Kabupaten Ciamis) (Badan Pengelolaan Keuangan Daerah Kabupaten Ciamis) (TERBAIK 4) /</subfield>
      <subfield code="c">Kurniawan</subfield>
    </datafield>
    <datafield tag="100" ind1="#" ind2="#">
      <subfield code="a">Kurniawan,</subfield>
    </datafield>
    <datafield tag="260" ind1="#" ind2="#">
      <subfield code="a">Sumedang :</subfield>
      <subfield code="b">Puslatbang PKASN LAN,</subfield>
      <subfield code="c">2021</subfield>
    </datafield>
    <datafield tag="300" ind1="#" ind2="#">
      <subfield code="a">30 hal ;</subfield>
      <subfield code="c">21 cm</subfield>
    </datafield>
    <datafield tag="084" ind1="#" ind2="#">
      <subfield code="a">R P2/XI/025 2021</subfield>
    </datafield>
    <datafield tag="520" ind1="#" ind2="#">
      <subfield code="a">Coach :Dayat Nurhayat SW</subfield>
    </datafield>
    <datafield tag="082" ind1="#" ind2="#">
      <subfield code="a">R P2/XI/025 2021</subfield>
    </datafield>
    <datafield tag="990" ind1="#" ind2="#">
      <subfield code="a">PP2.2021.00085</subfield>
    </datafield>
  </record>
</collection>
